000
00341nam a22001457a 4500
008
211018b ||||| |||| 00| 0 eng d
020
_a
9781429283304
041
_a
eng
080
_a
574
082
_a
574
100
_a
10
101
_a
MJE
245
_a
Environmental Science Foundations and Applications
_c
Friedland,A
942
_2
udc
_c
BK
999
_c
58256
_d
58256